Top 10 Baby Boys’ Names in 2026 - Statistics

General Stats
  • This quiz has been taken 11 times
  • The average score is 52 of 90
Answer Stats
Question Tile Select % Correct
This is a joke quiz, the middle one is correct ha No
100%
This is a joke quiz, the middle one is correct ha No
100%
This is a joke quiz, the middle one is correct ha No
100%
This is a joke quiz, the middle one is correct ha No
100%
This is a joke quiz, the middle one is correct ha No
100%
This is a joke quiz, the middle one is correct ha No
100%
This is a joke quiz, the middle one is correct ha No
100%
This is a joke quiz, the middle one is correct ha No
100%
This is a joke quiz, the middle one is correct Haha Yes
100%
#1 Matthew No
90%
#1 John No
70%
#1 Noah Yes
70%
This is a joke quiz, the middle one is correct ha No
60%
This is a joke quiz, the middle one is correct ha No
60%
This is a joke quiz, the middle one is correct ha No
60%
This is a joke quiz, the middle one is correct ha No
60%
This is a joke quiz, the middle one is correct ha No
60%
This is a joke quiz, the middle one is correct ha No
60%
This is a joke quiz, the middle one is correct ha No
60%
This is a joke quiz, the middle one is correct ha No
60%
This is a joke quiz, the middle one is correct ha No
60%
This is a joke quiz, the middle one is correct ha No
60%
This is a joke quiz, the middle one is correct ha No
60%
This is a joke quiz, the middle one is correct ha No
60%
This is a joke quiz, the middle one is correct ha No
60%
This is a joke quiz, the middle one is correct ha No
60%
This is a joke quiz, the middle one is correct ha No
60%
This is a joke quiz, the middle one is correct ha No
60%
This is a joke quiz, the middle one is correct ha No
60%
This is a joke quiz, the middle one is correct ha No
60%
This is a joke quiz, the middle one is correct ha No
60%
This is a joke quiz, the middle one is correct ha No
60%
This is a joke quiz, the middle one is correct ha No
60%
This is a joke quiz, the middle one is correct ha No
60%
This is a joke quiz, the middle one is correct ha No
60%
This is a joke quiz, the middle one is correct ha No
60%
This is a joke quiz, the middle one is correct ha No
60%
This is a joke quiz, the middle one is correct ha No
60%
This is a joke quiz, the middle one is correct ha No
60%
This is a joke quiz, the middle one is correct ha No
60%
This is a joke quiz, the middle one is correct ha No
60%
This is a joke quiz, the middle one is correct ha No
60%
This is a joke quiz, the middle one is correct ha No
60%
This is a joke quiz, the middle one is correct ha No
60%
This is a joke quiz, the middle one is correct Haha Yes
60%
This is a joke quiz, the middle one is correct Haha Yes
60%
This is a joke quiz, the middle one is correct Haha Yes
60%
This is a joke quiz, the middle one is correct Haha Yes
60%
#1 Henry No
60%
#1 William No
60%
This is a joke quiz, the middle one is correct ha No
50%
This is a joke quiz, the middle one is correct ha No
50%
This is a joke quiz, the middle one is correct ha No
50%
This is a joke quiz, the middle one is correct ha No
50%
This is a joke quiz, the middle one is correct ha No
50%
This is a joke quiz, the middle one is correct ha No
50%
This is a joke quiz, the middle one is correct ha No
50%
This is a joke quiz, the middle one is correct ha No
50%
This is a joke quiz, the middle one is correct ha No
50%
This is a joke quiz, the middle one is correct ha No
50%
This is a joke quiz, the middle one is correct ha No
50%
This is a joke quiz, the middle one is correct ha No
50%
This is a joke quiz, the middle one is correct ha No
50%
This is a joke quiz, the middle one is correct ha No
50%
This is a joke quiz, the middle one is correct ha No
50%
This is a joke quiz, the middle one is correct ha No
50%
This is a joke quiz, the middle one is correct ha No
50%
This is a joke quiz, the middle one is correct ha No
50%
This is a joke quiz, the middle one is correct ha No
50%
This is a joke quiz, the middle one is correct ha No
50%
This is a joke quiz, the middle one is correct ha No
50%
This is a joke quiz, the middle one is correct ha No
50%
This is a joke quiz, the middle one is correct ha No
50%
This is a joke quiz, the middle one is correct ha No
50%
This is a joke quiz, the middle one is correct Haha Yes
50%
This is a joke quiz, the middle one is correct Haha Yes
50%
This is a joke quiz, the middle one is correct Haha Yes
50%
#1 Jack No
50%
#1 James No
50%
#1 Oliver No
50%
This is a joke quiz, the middle one is correct ha No
30%
This is a joke quiz, the middle one is correct ha No
30%
This is a joke quiz, the middle one is correct ha No
30%
This is a joke quiz, the middle one is correct ha No
30%
This is a joke quiz, the middle one is correct ha No
30%
This is a joke quiz, the middle one is correct ha No
30%
This is a joke quiz, the middle one is correct ha No
30%
This is a joke quiz, the middle one is correct ha No
30%
This is a joke quiz, the middle one is correct Haha Yes
30%
#1 Liam No
10%
No matching quizzes found
Score Distribution
Percent of People with Each Score
Percentile by Number Answered
Your Score History
You have not taken this quiz